000 00476cam a2200193 4500
001 D13789
008 090401t1933 xxu||||| |||| 00| 0 eng d
035 _a(Sirsi) u11655
041 _aeng
100 _aRutter, J.G.
245 _aHints on the valuation of real property for mortgage. Parts I and II
250 _a2nd
260 _aLondon
_bEstates Gazette
_c1933
350 _a0
520 _aShelf 134
700 _aNolles, G.D.
942 _n0
948 _c04/03/1997
999 _c86886
_d86886